Greatest NBA Players A-Z - Statistics

General Stats
  • This quiz has been taken 1,617 times
    1,593 since last reset
  • The average score is 10 of 23
Answer Stats
Letter Player % Correct
J Michael Jordan
93%
A Kareem Abdul-Jabbar
73%
C Wilt Chamberlain
68%
B Larry Bird
67%
O Shaquille O'Neal
62%
R Bill Russell
59%
D Tim Duncan
59%
M Moses Malone
54%
I Allen Iverson
48%
W Jerry West
48%
N Dirk Nowitzki
45%
E Julius Erving
44%
P Scottie Pippen
42%
G Kevin Garnett
39%
S John Stockton
38%
T Isiah Thomas
33%
H John Havlicek
26%
U Wes Unseld
26%
K Jason Kidd
24%
F Walt Frazier
21%
L Bob Lanier
6%
Y George Yardley
5%
Z Max Zaslofsky
2%
No matching quizzes found
Score Distribution
Percent of People with Each Score
Percentile by Number Answered
Your Score History
You have not taken this quiz since the last reset